| 000 | 00835nas a2200289 4500 | ||
|---|---|---|---|
| 001 | BR9510256 | ||
| 003 | BR-BrBNA | ||
| 005 | 20231205095546.0 | ||
| 007 | ta | ||
| 008 | 230509b bl.|||p| |||| 00| 00por d | ||
| 040 |
_aBR-BrBNA _bpor _cBiblioteca Nacional de Agricultura |
||
| 041 | _a(Pt) | ||
| 072 | _aL02 | ||
| 100 | 1 | _aDonzele, J.L. | |
| 100 | 1 | _aFreitas, R.T.F. de | |
| 100 | 1 | _aOliveira, R.F.M. de | |
| 100 | 1 | _aTeixeira, E.W. | |
| 245 | 1 | _aNiveis de lisina para marras dos 60 aos 100 kg de peso vivo | |
| 650 | _aMarra | ||
| 650 | _aCrescimento | ||
| 650 | _aDieta | ||
| 650 | _aLisina | ||
| 650 | _aPeso | ||
| 773 | 0 |
_tRevista da Sociedade Brasileira de Zootecnia (Brazil) _xISSN 0100-4859 _g(Nov-Dec 1994), v. 23(6) p. 959-966 _wBR9510256 |
|
| 909 |
_a202311 _bLúcia _c55 _dLúcia Elande |
||
| 942 |
_2AGRIS _n0 _cANA |
||
| 999 |
_c151355 _d151355 |
||